Modem Housekeeping Worlds; or, How Much is Thirty Percent Really? "Eigensinnige" Consumer Practices and the Hungarian Trade Union's "Washing Machine Campaign" of 1957-58
| Titel: | Modem Housekeeping Worlds; or, How Much is Thirty Percent Really? "Eigensinnige" Consumer Practices and the Hungarian Trade Union's "Washing Machine Campaign" of 1957-58 / Annina Gagyiova |
|---|---|
| Verfasser: | |
| In: |
Making sense of dictatorship, (2022), Seite 111-128 alle Artikel anzeigen |
| Veröffentlicht: | 2022 |
| Format: | Aufsatz |
| Sprache: | Englisch |
X
alg: 54247581 001A $03025:01-03-26 001B $03025:01-03-26 $t17:10:01.000 001D $03025:01-03-26 001U $0utf8 001X $00 002@ $0Aou 002C $aText $btxt $2rdacontent 002D $aohne Hilfsmittel zu benutzen $bn $2rdamedia 002E $aBand $bnc $2rdacarrier 003@ $0542475812 010@ $aeng 010E $erda 011@ $a2022 021A $aModem Housekeeping Worlds; or, How Much is Thirty Percent Really? "Eigensinnige" Consumer Practices and the Hungarian Trade Union's "Washing Machine Campaign" of 1957-58 $hAnnina Gagyiova 028A $BVerfasser $4aut $8Gagyiova, Annina [Tp3] $9475203771 031A $h111-128 $j2022 039B $aEnthalten in $8--Aau--. Making sense of dictatorship. - Budapest : Central European University Press, 2022. - xv, 280 Seiten. - Illustrationen. - ISBN 978-963-386-427-2 $x202200000000000889 $9489372813 044K $RÖsterreich-Ungarn $#Ungarn $#Ungarn $#Ungarische Räterepublik $#Königreich Ungarn $#Die @Länder der ungarischen Krone $#Transleithanien $#Magyarország $#Magyar Köztársaság $#Magyar Tanácsköztársaság $#Government of the Hungarian Republic $#Zemalja Ugarske Krune $#VNR $#Ungern $#Ungarische Republik $#Republik Ungarn $#Ungarische Volksrepublik $#Volksrepublik Ungarn $#Magyar Népköztársaság $#Hungary $#Hungarian Republic $#Hongrie $#Vengerskaja Narodnaja Respublika $#Hungarian People's Republic $#HPR Hungarian People's Republic $#République Populaire Hongroise $#Ungarische VR $#Republic of Hungary $#Vengrija $74078541-5 $8Ungarn [Tgz] $9085222712 044K $RLebenshaltung $RWohlfahrt $#Cost and standard of living $#Coût et niveau de la vie $#Livello di vita $#Nivel de vida $#living standards $#Lebensstandard $#Lebensstandard $#Lebensstandard $#Lebensführung Lebensstandard $#Lebensniveau $74134319-0 $8Lebensstandard [Ts1] $9085491128 044K $RSozialismus $#Staatssozialismus $74182676-0 $8Staatssozialismus [Ts1] $908587972X 045G $a909 $eDDC23BSB 045G/01 $a909 045G/03 $f09045 045G/03 $g439 045R $aGeschichte 1957-1958 lok: 54247581 78 exp: 54247581 78 1 #EPN 201B/01 $001-03-26 $t17:10:57.000 201C/01 $001-03-26 201U/01 $0utf8 203@/01 $01335754253 208@/01 $a01-03-26 $be 209A/01 $a/ $f000 $x00 209A/01 $ab*p $x01 209S/01 $uhttps://doi.org/10.1515/9789633864289-011 $XVolltext 220C/01 $apgar 244Z/01 $#Ungarn $#Ungarn $#Ungarische Räterepublik $#Königreich Ungarn $#Die @Länder der ungarischen Krone $#Transleithanien $#Magyarország $#Magyar Köztársaság $#Magyar Tanácsköztársaság $#Government of the Hungarian Republic $#Zemalja Ugarske Krune $#VNR $#Ungern $#Ungarische Republik $#Republik Ungarn $#Ungarische Volksrepublik $#Volksrepublik Ungarn $#Magyar Népköztársaság $#Hungary $#Hungarian Republic $#Hongrie $#Vengerskaja Narodnaja Respublika $#Hungarian People's Republic $#HPR Hungarian People's Republic $#République Populaire Hongroise $#Ungarische VR $#Republic of Hungary $#Vengrija $74078541-5 $8--Tgz--Ungarn $x08 $9085222712 244Z/01 $#Electronic publications $#Publications électroniques $#Elektronische Publikation $#Elektronische Publikation $#Computerdatei Formschlagwort $#Datei Formschlagwort $#Elektronisches Dokument $#Magnetband Formschlagwort $#Magnetbandkassette Formschlagwort $#Elektronische Ressource $#Digitale Publikation $74514269-5 $8--Ts1--Elektronische Publikation $x21 $9089274407 247C/01 $82080>Marburg/Lahn, Herder-Institut, Forschungsbibliothek, Bibliographieportal $9336309341
| LEADER | 00000naa a2200000 c 4500 | ||
|---|---|---|---|
| 001 | 542475812 | ||
| 003 | DE-603 | ||
| 005 | 20260301171001.0 | ||
| 007 | tu | ||
| 008 | 260301s2022 xx |||| | u00||u|eng c | ||
| 035 | |a (DE-599)HEB542475812 | ||
| 040 | |a DE-603 |b ger |c DE-603 |d DE-603 |e rda | ||
| 041 | |a eng | ||
| 083 | 0 | |8 1\u |a 909 |q DE-101 |2 23/BSB | |
| 085 | |8 1\u |b 909 | ||
| 085 | |8 1\u |z 1 |s 09045 | ||
| 085 | |8 1\u |z 2 |s 439 | ||
| 100 | 1 | |a Gagyiova, Annina |e Verfasser |4 aut |0 (DE-603)475203771 |0 (DE-588)1225956250 |2 gnd | |
| 245 | 0 | 0 | |a Modem Housekeeping Worlds; or, How Much is Thirty Percent Really? "Eigensinnige" Consumer Practices and the Hungarian Trade Union's "Washing Machine Campaign" of 1957-58 |c Annina Gagyiova |
| 264 | 0 | |c 2022 | |
| 336 | |a Text |b txt |2 rdacontent | ||
| 337 | |a ohne Hilfsmittel zu benutzen |b n |2 rdamedia | ||
| 338 | |a Band |b nc |2 rdacarrier | ||
| 648 | 7 | |a Geschichte 1957-1958 |2 gnd | |
| 650 | 7 | |a Lebensstandard |0 (DE-588)4134319-0 |0 (DE-603)085491128 |2 gnd | |
| 650 | 7 | |a Staatssozialismus |0 (DE-588)4182676-0 |0 (DE-603)08587972X |2 gnd | |
| 651 | 7 | |a Ungarn |0 (DE-588)4078541-5 |0 (DE-603)085222712 |2 gnd | |
| 773 | 0 | 8 | |i Enthalten in |t Making sense of dictatorship |d Budapest : Central European University Press, 2022 |h xv, 280 Seiten, Illustrationen |z 9789633864272 |z 9633864275 |g (2022), Seite 111-128 |w (DE-603)489372813 |
| 924 | 0 | |9 2080 |a (DE-603)1335754253 |b DE-2080 |c HES |d d |g / |k https://doi.org/10.1515/9789633864289-011 | |


